|
|
|
|
| LEADER |
00000cam a2200000 7i4500 |
| 001 |
0000003807 |
| 005 |
20170323093000.0 |
| 008 |
021118n |
| 020 |
|
|
|a 0816234760
|
| 090 |
0 |
0 |
|a T57.6
|b .G86 1975
|
| 100 |
0 |
|
|a Gupta, Shiv K. ,
|d 1930- ,
|e author
|
| 245 |
0 |
0 |
|a Fundamentals of operations research for management
|c Shiv K. Gupta and John M. Cozzolino
|
| 260 |
2 |
|
|a San Francisco :
|b Holden-Day ,
|c c1975
|
| 300 |
|
|
|a 405 p. ; ;
|c 24 cm.
|
| 504 |
|
|
|a Includes index
|
| 650 |
|
0 |
|a Operations research
|
| 700 |
0 |
|
|a Cozzolino, John M. ,
|e author
|
| 999 |
|
|
|a 1000037605
|b Book
|c OPEN SHELF (30 DAYS)
|e Gong Badak Campus
|